3 Biggest Cities in each Region of Zimbabwe - Statistics

General Stats
  • This quiz has been taken 6 times
  • The average score is 8 of 27
Answer Stats
Region + Rank Population City % Correct
Bulawayo 1 726,239 Bulawayo
100%
Harare 1 2,710,296 Harare
100%
Masvingo 1 166,090 Masvingo
80%
Manicaland 3 81,126 Chipinge
40%
Harare 2 326,418 Epworth
40%
Midlands 1 273,091 Gweru
40%
Midlands 2 178,212 Kwekwe
40%
Manicaland 1 503,137 Mutare
40%
Matabeleland North 2 50,128 Victoria Falls
40%
Matabeleland South 1 110,441 Beitbridge
20%
Mashonaland Central 1 104,962 Bindura
20%
Mashonaland West 2 140,551 Chinhoyi
20%
Masvingo 2 53,005 Chiredzi
20%
Mashonaland East 1 557,010 Chitungwiza
20%
Matabeleland South 2 29,107 Gwanda
20%
Matabeleland North 1 63,506 Hwange
20%
Mashonaland West 1 161,268 Kadoma
20%
Matabeleland North 3 11,036 Lupane
20%
Mashonaland Central 2 34,165 Mount Darwin
20%
Mashonaland Central 3 31,306 Mvurwi
20%
Mashonaland West 3 137,401 Norton
20%
Matabeleland South 3 25,405 Plumtree
20%
Mashonaland East 3 146,029 Ruwa
20%
Midlands 3 102,124 Zvishavane
20%
Manicaland 2 132,090 Dangamvura
0%
Mashonaland East 2 229,484 Domboshawa
0%
Masvingo 3 22,650 Gutu
0%
No matching quizzes found
Score Distribution
Percent of People with Each Score
Percentile by Number Answered
Your Score History
You have not taken this quiz